00538nam a22002057a 450000500170000001000130001702000220003003500130005203700160006504000120008108200110009310000190010424500570012326000430018027000400022330000240026365000160028765000120030370000170031520170124110116.0 aB-041008 c60.00a8123727879 aB-041008 bCen Lib/Ret aDPLbEN aNbGUR aGurdial Singh  aParsa /cby Gurdial Singh; translated by Rana Nayar  aNew Delhi bNational Book Trust c1999 bNew Delhi aA-5, green parke110016 aix, 313p.c19cm(Hb) aLiterature  aNovels  aNayar, Rana